00306nam a2200121Ia 4500008004100000041001200041082001600053100001700069245004700086260003600133300000800169650000700177221030s9999 xx 000 0 und d aEnglish a105.23bTay aE. O. Taylor 0aUtilization of Electric Energy in SI Units bOrient LongmanaNew Delhic1995 a392 aEE